000 00272nam a2200109Ia 4500
001 588711
005 20250717120836.0
008 250717s9999 xx 000 0 und d
245 0 _aZ-1 DELİ DUMRUL
_cH. İBRAHİM TAŞKIRAN
260 _bERDEM YAYINLARI
_c2020
300 _b96
999 _c588711
_d588711